[Event "US Junior Championship"]
[Site "Saint Louis USA"]
[Date "2011.06.24"]
[Round "8"]
[White "Ding, Jialin"]
[Black "Troff, Kayden W"]
[Result "0-1"]
[WhiteElo "2171"]
[BlackElo "2255"]
[WhiteFideId "2050269"]
[BlackFideId "2047896"]
[EventDate "2011.06.16"]

1. e4 c5 2. Nf3 Nc6 3. d4 cxd4 4. Nxd4 g6 5. g3 Bg7 6. Ne2 b6 7. Bg2 Ba6 8. O-O
Rc8 9. c3 Nf6 10. Na3 O-O 11. Nc2 d6 12. Re1 Nd7 13. Ned4 Nde5 14. Nxc6 Nxc6 15.
Rb1 Ne5 16. Nb4 Bb7 17. Qe2 a5 18. Nd5 e6 19. Ne3 Qc7 20. Bd2 a4 21. f4 Nd7 22.
c4 Nf6 23. Qd3 Nd7 24. b3 axb3 25. axb3 Ra8 26. Qc2 Nc5 27. Bc3 Ra2 28. Qxa2
Bxc3 29. Red1 Nxe4 30. Qc2 Qc6 31. Rbc1 Bb4 32. Bxe4 Qxe4 33. Qxe4 Bxe4 34. Kf2
Bc5 35. Ke2 e5 36. fxe5 Re8 37. exd6 Bf5 38. d7 Rxe3+ 39. Kf1 Bh3+ 40. Kf2 Rxb3+
41. Ke2 Re3+ 42. Kf2 Re7+ 43. Kf3 Bxd7 44. Re1 Bc6+ 45. Kg4 Ra7 46. Rc2 h5+ 0-1

[Event "US Junior Championship"]
[Site "Saint Louis USA"]
[Date "2011.06.24"]
[Round "8"]
[White "Young, Gregory"]
[Black "Harper, Warren"]
[Result "1-0"]
[BlackTitle "FM"]
[WhiteElo "2327"]
[BlackElo "2310"]
[WhiteFideId "2028123"]
[BlackFideId "2028140"]
[EventDate "2011.06.16"]

1. e4 c5 2. Nf3 d6 3. d4 cxd4 4. Nxd4 Nf6 5. Nc3 a6 6. Bc4 e6 7. Bb3 b5 8. O-O
Be7 9. Qf3 Qc7 10. Qg3 O-O 11. Bh6 Ne8 12. Rad1 Bd7 13. f4 Nc6 14. Nxc6 Bxc6 15.
f5 Kh8 16. fxe6 gxh6 17. Rxf7 Rxf7 18. exf7 Ng7 19. Rf1 Qa7+ 20. Kh1 Rf8 21. Nd5
Bxd5 22. Bxd5 Qd4 23. c3 Qd2 24. Qg4 h5 25. Qd7 Qg5 26. g3 h4 27. Rg1 Qe5 28.
gxh4 Bxh4 29. Qg4 Bf6 30. Rg3 h5 31. Qg6 Qf4 32. e5 Bxe5 33. Be4 Qxe4+ 34. Qxe4
Rxf7 35. Rf3 Re7 36. Rf8# 1-0

[Event "US Junior Championship"]
[Site "Saint Louis USA"]
[Date "2011.06.24"]
[Round "8"]
[White "Holt, Conrad"]
[Black "Getz, Alec"]
[Result "1-0"]
[WhiteTitle "FM"]
[BlackTitle "FM"]
[WhiteElo "2417"]
[BlackElo "2292"]
[WhiteFideId "2034387"]
[BlackFideId "2026287"]
[EventDate "2011.06.16"]

1. d4 Nf6 2. c4 g6 3. Nc3 Bg7 4. e4 O-O 5. Nf3 d6 6. h3 e5 7. d5 Na6 8. Bg5 h6
9. Be3 Nc5 10. Nd2 a5 11. g4 Nh7 12. Nb3 Nd7 13. h4 Ndf6 14. Be2 a4 15. Nd2 a3
16. b4 Nxg4 17. Bxg4 f5 18. exf5 gxf5 19. Bh3 f4 20. Bxc8 Qxc8 21. Nde4 fxe3 22.
fxe3 Nf6 23. Qe2 Nxe4 24. Nxe4 Ra4 25. Rb1 c6 26. Nxd6 Qc7 27. Ne4 cxd5 28. Nc3
e4 29. Rg1 Ra6 30. Nxd5 Qe5 31. Rd1 Kh8 32. Rg4 Rd6 33. Rd4 Qh5 34. Rdxe4 Rxd5
35. Rxg7 Kxg7 36. cxd5 Qxd5 37. Qg4+ Kh8 38. Qg6 h5 39. Qe6 Qxe6 40. Rxe6 Rf3
41. Re5 Kg7 42. Rxh5 Rxe3+ 43. Kd2 Rh3 44. Kc2 Kf6 45. Rb5 Ke6 46. Rxb7 Kd6 47.
Rh7 Kc6 48. Rh5 Kb6 49. Rc5 Rxh4 50. Kb3 Rh3+ 51. Rc3 Rh4 52. Kxa3 Kb5 53. Rc5+
Kb6 54. Ka4 Ka6 55. Rc6+ Kb7 56. Rf6 Ka7 57. Ka5 Kb7 58. Rf7+ Kb8 59. b5 Rh5 60.
a4 Rh6 61. b6 Ka8 62. Ka6 Rh8 63. a5 Kb8 64. Rf5 Ka8 65. Kb5 Kb8 66. a6 Ka8 67.
a7 1-0

[Event "US Junior Championship"]
[Site "Saint Louis USA"]
[Date "2011.06.24"]
[Round "8"]
[White "Bryant, John Daniel"]
[Black "Naroditsky, Daniel"]
[Result "1-0"]
[WhiteTitle "FM"]
[BlackTitle "IM"]
[WhiteElo "2413"]
[BlackElo "2472"]
[WhiteFideId "2031280"]
[BlackFideId "2026961"]
[EventDate "2011.06.16"]

1. e4 c5 2. c3 d6 3. d4 Nf6 4. Bd3 g6 5. h3 Bg7 6. Nf3 O-O 7. O-O Nc6 8. d5 Ne5
9. Nxe5 dxe5 10. Be3 c4 11. Bc2 e6 12. d6 Bd7 13. Nd2 Rc8 14. Qe2 Bb5 15. Bxa7
Qxd6 16. Rfd1 Nh5 17. Be3 Qe7 18. a4 Ba6 19. a5 Nf4 20. Qf1 Nd3 21. b4 f5 22.
Rdb1 Qd7 23. Ba4 Bb5 24. Nxc4 Rxc4 25. Bxb5 Qxb5 26. Qxd3 fxe4 27. Qf1 Rd8 28.
Rd1 Rd5 29. a6 bxa6 30. Ra5 Qc6 31. Bc5 Rxc3 32. Rxa6 Qxa6 33. Qxa6 Rxd1+ 34.
Kh2 h5 35. Qxe6+ Kh7 36. Qf7 Rd8 37. Qc7 Rd1 38. Qa7 Rcd3 39. b5 Rd7 40. Qa4 Rb1
41. b6 Rdd1 42. h4 Bf6 43. Qa7+ Kg8 44. Qa8+ Kh7 45. Qb7+ Kh8 46. Qxe4 Rh1+ 47.
Kg3 Rb3+ 48. Be3 Rxh4 49. Qa8+ Kh7 50. Qb7+ Kh8 51. Qf7 Rg4+ 52. Kf3 Rf4+ 53.
Ke2 Rb2+ 54. Kd1 Rf5 55. Qxg6 1-0

[Event "US Junior Championship"]
[Site "Saint Louis USA"]
[Date "2011.06.24"]
[Round "8"]
[White "Sturt, Raven M"]
[Black "Shen, Victor C"]
[Result "0-1"]
[BlackTitle "FM"]
[WhiteElo "2294"]
[BlackElo "2281"]
[WhiteFideId "2007304"]
[BlackFideId "2028581"]
[EventDate "2011.06.16"]

1. d4 Nf6 2. c4 e6 3. g3 d5 4. Nf3 Bb4+ 5. Bd2 Be7 6. Bg2 O-O 7. O-O c6 8. Qc2
b6 9. b3 Ba6 10. a4 Nbd7 11. Bf4 Rc8 12. a5 b5 13. c5 b4 14. Ne1 Nh5 15. Be3 Rb8
16. Nd3 Bxd3 17. Qxd3 Rb5 18. f4 Rxa5 19. Rxa5 Qxa5 20. Bd2 Nhf6 21. Rc1 Rb8 22.
Be1 Qa2 23. Qc2 Qa6 24. e3 Qb7 25. h3 a5 26. Nd2 Ne8 27. g4 Nc7 28. Bf1 Nb5 29.
Bd3 g6 30. Nf3 Na3 31. Qb2 Qa7 32. Bg3 Ra8 33. e4 a4 34. Be1 Bxc5 35. bxa4 Be7
36. Rxc6 Qxa4 37. Rc7 Bd6 38. Rxd7 Qxd7 39. exd5 exd5 40. Ne5 Qb7 41. f5 Nc4 42.
Nxc4 dxc4 43. Bxc4 Qf3 0-1

[Event "US Junior Championship"]
[Site "Saint Louis USA"]
[Date "2011.06.25"]
[Round "9"]
[White "Harper, Warren"]
[Black "Bryant, John Daniel"]
[Result "1-0"]
[WhiteTitle "FM"]
[BlackTitle "FM"]
[WhiteElo "2310"]
[BlackElo "2413"]
[WhiteFideId "2028140"]
[BlackFideId "2031280"]
[EventDate "2011.06.16"]

1. d4 Nf6 2. c4 g6 3. Nc3 Bg7 4. g3 O-O 5. Bg2 d6 6. Nf3 Nbd7 7. O-O e5 8. e4
exd4 9. Nxd4 Re8 10. h3 a6 11. Be3 Rb8 12. a4 Ne5 13. b3 c5 14. Nde2 Be6 15. Ra2
b5 16. axb5 axb5 17. cxb5 c4 18. Nd4 Qc8 19. Nxe6 Qxe6 20. bxc4 Nxc4 21. Bd4
Rec8 22. Qa1 Ne5 23. Rb1 Rc4 24. Ra8 Nfd7 25. Rxb8+ Nxb8 26. Qa8 Nd7 27. Bxg7
Kxg7 28. Nd5 h5 29. Nf4 Qf6 30. h4 Rc2 31. Qa1 Ne5 32. b6 Kg8 33. Qa4 Rc6 34. b7
Kf8 35. Nd5 Qd8 36. Qa7 Rc2 37. Ne3 Rc5 38. Rd1 Rb5 39. Rc1 Nec6 40. Qa1 Kg8 41.
Qa8 Kh7 42. e5 d5 43. Qa4 Rb4 44. Qa2 Rxb7 45. Qxd5 Rd7 46. Qc5 Nd4 47. Qc4 Ne6
48. Nd5 Kg7 49. Ra1 Nc7 50. Nf6 Re7 51. Qc5 Re6 52. Ra7 Nba6 53. Qe3 Nb5 54. Rd7
Qf8 55. Qg5 Nc5 56. Rd8 Rxe5 57. Nxh5+ Kh7 58. Qxe5 1-0

[Event "US Junior Championship"]
[Site "Saint Louis USA"]
[Date "2011.06.25"]
[Round "9"]
[White "Naroditsky, Daniel"]
[Black "Ding, Jialin"]
[Result "1/2-1/2"]
[WhiteTitle "IM"]
[WhiteElo "2472"]
[BlackElo "2171"]
[WhiteFideId "2026961"]
[BlackFideId "2050269"]
[EventDate "2011.06.16"]

1. c4 c5 2. Nf3 Nc6 3. Nc3 g6 4. e3 Nf6 5. d4 cxd4 6. exd4 d5 7. Bg5 Ne4 8. Be3
Nxc3 9. bxc3 Bg7 10. Be2 O-O 11. O-O dxc4 12. Bxc4 Na5 13. Bd3 Be6 14. Re1 Bc4
15. Bc2 e6 16. Bg5 Qc7 17. Qd2 Bd5 18. Be4 Rac8 19. Bxd5 exd5 20. Bh6 Nc4 21.
Qg5 Bxh6 22. Qxh6 f6 23. h4 Nd6 24. Rac1 Rfe8 25. Rxe8+ Rxe8 26. Qf4 Kg7 27. h5
Re6 28. Nd2 g5 29. Qf3 Ne4 30. Nxe4 Rxe4 31. Qf5 Qd6 32. Qc8 b6 33. g3 Qe6 34.
Qd8 Re1+ 35. Rxe1 Qxe1+ 36. Kg2 Qe4+ 37. Kh2 Qf5 38. Kg2 1/2-1/2